[Event "Jakarta op"]
[Site "Jakarta"]
[Date "2024.01.20"]
[Round "4"]
[White "Roy, Marpaung"]
[Black "Tampubolon, Andreas Tio Parulia"]
[Result "0-1"]
[WhiteElo "1896"]
[BlackElo "1750"]
[PlyCount "71"]
[EventDate "2024.01.19"]
[EventType "swiss"]
[EventRounds "7"]
[EventCountry "INA"]
[SourceTitle "CB06_2024"]
[SourceDate "2024.02.07"]
[SourceVersion "1"]
[SourceVersionDate "2024.02.07"]
[SourceQuality "1"]

1. e4 e5 2. Nf3 Nc6 3. Bb5 a6 4. Ba4 Nf6 5. 0-0 Be7 6. Re1 b5 7. Bb3 0-0 8. c3 d5 9. exd5 Nxd5 10. Nxe5 Nxe5 11. Rxe5 Nf6 12. d4 Bd6 13. Re1 Ng4 14. h3 Qh4 15. Qf3 Nxf2 16. Re2 Bg4 17. hxg4 Bg3 18. Qxg3 Qxg3 19. Rxf2 Rae8 20. Bd2 Qxg4 21. Na3 Kh8 22. Raf1 f5 23. Nc2 Rf6 24. Ne3 Qg3 25. Nxf5 Qg6 26. Ne3 Ref8 27. Bc2 Qh5 28. Rxf6 Rxf6 29. Rxf6 gxf6 30. Kf2 Qh1 31. Be1 f5 32. g3 f4 33. gxf4 h5 34. Nf1 h4 35. b4 Qh3 36. Be4 0-1

[Event "Penang op 7th"]
[Site "Penang"]
[Date "2015.12.11"]
[Round "8"]
[White "Guntoro, Dodi"]
[Black "Roy, Marpaung"]
[Result "1-0"]
[WhiteElo "1865"]
[BlackElo "2070"]
[PlyCount "86"]
[EventDate "2015.12.07"]
[EventType "swiss"]
[EventRounds "9"]
[EventCountry "MAS"]
[SourceTitle "CBM 169 Extra"]
[Source "ChessBase"]
[SourceDate "2015.12.18"]
[SourceVersion "1"]
[SourceVersionDate "2015.12.18"]
[SourceQuality "1"]

1. e4 c5 2. Nf3 d6 3. d4 cxd4 4. Nxd4 Nf6 5. Nc3 a6 6. Bg5 e6 7. f4 Qb6 8. Nb3 Nbd7 9. Qf3 Qc7 10. 0-0-0 b5 11. Bd3 Bb7 12. Rhe1 Be7 13. Kb1 b4 14. Ne2 a5 15. Nbd4 a4 16. h3 Nc5 17. Bb5+ Kf8 18. Ng3 Ra5 19. Bf1 h6 20. Bxf6 gxf6 21. c3 b3 22. a3 f5 23. Qe3 fxe4 24. Nh5 Rg8 25. Rd2 Bh4 26. Red1 d5 27. g3 Be7 28. h4 f5 29. Be2 Ba6 30. Rg1 Bxe2 31. Nxe2 Nd7 32. Nd4 Kf7 33. g4 fxg4 34. f5 e5 35. Qxh6 exd4 36. Qh7+ Kf8 37. f6 Nxf6 38. Nxf6 Rg7 39. Qh8+ Kf7 40. Qh5+ Rg6 41. Nh7 dxc3 42. Rf2+ Ke6 43. Qxg6+ Kd7 1-0

[Event "Penang op 7th"]
[Site "Penang"]
[Date "2015.12.09"]
[Round "5"]
[White "Roy, Marpaung"]
[Black "Nguyen, Van Huy"]
[Result "0-1"]
[WhiteElo "2070"]
[BlackElo "2465"]
[PlyCount "80"]
[EventDate "2015.12.07"]
[EventType "swiss"]
[EventRounds "9"]
[EventCountry "MAS"]
[SourceTitle "CBM 169 Extra"]
[Source "ChessBase"]
[SourceDate "2015.12.18"]
[SourceVersion "1"]
[SourceVersionDate "2015.12.18"]
[SourceQuality "1"]

1. e4 c6 2. d4 d5 3. Nc3 dxe4 4. Nxe4 Bf5 5. Ng3 Bg6 6. h4 h6 7. h5 Bh7 8. Nf3 Nf6 9. Bd3 Bxd3 10. Qxd3 e6 11. Bf4 Qa5+ 12. Bd2 Qa4 13. Qb3 Bd6 14. Ne5 0-0 15. 0-0-0 c5 16. c3 Bxe5 17. dxe5 Ng4 18. Bf4 Nxf2 19. Qc2 Nxd1 20. Qxd1 Qc4 21. Qf3 Nc6 22. Ne4 Nd4 23. b3 Nxf3 24. bxc4 Ng5 25. Bxg5 hxg5 26. h6 gxh6 27. Rxh6 Kg7 28. Rh5 Rh8 29. Rxg5+ Kf8 30. Nxc5 b6 31. Ne4 Ke7 32. Nf6 Rh4 33. Ng8+ Kd7 34. Nf6+ Kc6 35. Rg7 Rxc4 36. Kc2 Rc5 37. Rg5 Rd8 38. Ne4 Ra5 39. c4 Rd4 40. Nd6 Rxd6 0-1

[Event "Penang op 7th"]
[Site "Penang"]
[Date "2015.12.08"]
[Round "2"]
[White "Roy, Marpaung"]
[Black "Gong, Qianyun"]
[Result "1-0"]
[WhiteElo "2070"]
[BlackElo "2317"]
[PlyCount "93"]
[EventDate "2015.12.07"]
[EventType "swiss"]
[EventRounds "9"]
[EventCountry "MAS"]
[SourceTitle "CBM 169 Extra"]
[Source "ChessBase"]
[SourceDate "2015.12.18"]
[SourceVersion "1"]
[SourceVersionDate "2015.12.18"]
[SourceQuality "1"]

1. e4 e6 2. d4 d5 3. Nc3 Bb4 4. e5 c5 5. a3 Bxc3+ 6. bxc3 Qa5 7. Bd2 Qa4 8. Qb1 c4 9. h4 Ne7 10. h5 h6 11. g3 Nbc6 12. Ne2 Bd7 13. Rh4 0-0-0 14. Rf4 Rdf8 15. Bh3 f6 16. exf6 gxf6 17. Qc1 Nd8 18. Rh4 Nf7 19. Nf4 Ng5 20. Bg2 Rhg8 21. Kf1 Bc6 22. Bh3 Bd7 23. Bg2 Re8 24. Qb2 Qc6 25. Re1 Nf7 26. Qc1 e5 27. Ne2 Nf5 28. Rh2 Ng5 29. Bxg5 hxg5 30. Qd2 e4 31. Qc1 Nh6 32. Qb2 f5 33. Qb4 Ref8 34. Qc5 f4 35. gxf4 gxf4 36. Bh3 Kb8 37. Qxc6 Bxc6 38. f3 Rg5 39. Bg2 Nf5 40. Kf2 Ng3 41. h6 Be8 42. Nxf4 Nh5 43. Ne6 Rgf5 44. Nxf8 Rxf8 45. Reh1 Nf6 46. Ke3 Bg6 47. h7 1-0